Central Library and Information Centre
Sibsagar Girls' College, Sivasagar : Assam

UTTAR BANGER BHASA (A COLLECTION OF ESSAYS ON THE LANGUAGE OF NORTH -BENGAL (Record no. 2681)

MARC details
000 -LEADER
fixed length control field 00521cam a2200193ua 4500
008 - FIXED-LENGTH DATA ELEMENTS--GENERAL INFORMATION
fixed length control field 161129n II |||gr||||Z||||||ben
040 ## - CATALOGING SOURCE
Original cataloging agency MAIN
041 ## - LANGUAGE CODE
-- English
082 ## - DEWEY DECIMAL CLASSIFICATION NUMBER
Classification number 491 BIS
100 ## - MAIN ENTRY--PERSONAL NAME
Personal name BISWAS , RATAN.
245 ## - TITLE STATEMENT
Title UTTAR BANGER BHASA (A COLLECTION OF ESSAYS ON THE LANGUAGE OF NORTH -BENGAL
250 ## - EDITION STATEMENT
Edition statement 1ST.
260 ## - PUBLICATION, DISTRIBUTION, ETC.
Place of publication, distribution, etc. KOLKATA:
Name of publisher, distributor, etc. BOIUWALA,
Date of publication, distribution, etc. 2004.
300 ## - PHYSICAL DESCRIPTION
Extent 614:
Dimensions 21CM.
700 ## - ADDED ENTRY--PERSONAL NAME
Personal name BISWAS , RATAN.,
Relator term AUTHOR.
942 ## - ADDED ENTRY ELEMENTS (KOHA)
Koha item type Books
653 ## - INDEX TERM--UNCONTROLLED
Uncontrolled term East Indo-European & Celtic languages
Holdings
Withdrawn status Lost status Damaged status Not for loan Collection code Home library Current library Shelving location Date acquired Full call number Barcode Date last seen Copy number Price effective from Koha item type
        TBASM Central Library and Information Centre Sibsagar Girls College Central Library and Information Centre Sibsagar Girls College   20.06.1970 491.451 02998 27.02.2020 1 27.02.2020 Books


Sibsagar Girl's College © 2020. All rights reserved.
Powered by Koha.
Maintained by Abhijit Borpuzari.